000 00635cam a22002291 4500
001 sa 63000441
003 DLC
005 20260227111921.0
008 740425s1962 ii 000 0 eng
010 _asa 63000441
015 _aGB62-18554
035 _a(OCoLC)869269
040 _aDLC
_cOWoC
_dOCoLC
_dUk
_dDLC
042 _apremarc
050 0 0 _aKNS480
_b.B35 1962
100 1 _aBains, Joginder Singh.
245 1 0 _aIndia's international disputes,
_ba legal study.
260 _aBombay,
_aNew York,
_bAsia Pub. House
_c[1962]
300 _a219 p.
_c23 cm.
651 0 _aIndia
_xBoundaries.
651 0 _aIndia
_xForeign relations.
999 _c53489
_d53489